Fitxa 4 : senyalització de pistes forestals : de la xarxa viària bàsica del Pla municipal de prevenció d'incendis forestals senyalització de pistes forestals :
Publicado:
Barcelona :
Diputació de Barcelona, Àrea d'Espais Naturals, Oficina Tècnica de Prevenció Municipal d'Incendis Forestals ,
2006
Descripción Física:
17 p. : il. ; 29 cm
MARC
| LEADER | 00000nam a2200000Ia 4500 | ||
|---|---|---|---|
| 001 | 22670 | ||
| 008 | 160829s2006 xx 000 0 cat d | ||
| 080 | |a FU-57-32 | ||
| 245 | |a Fitxa 4 : |b senyalització de pistes forestals : |b de la xarxa viària bàsica del Pla municipal de prevenció d'incendis forestals | ||
| 260 | |a Barcelona : |b Diputació de Barcelona, Àrea d'Espais Naturals, Oficina Tècnica de Prevenció Municipal d'Incendis Forestals, |c 2006 | ||
| 300 | |a 17 p. : |b il. ; |c 29 cm | ||
| 650 | |a Senyals i senyalització |9 22997 | ||
| 650 | 0 | |a Incendis forestals |x Prevenció i control |9 50256 | |
| 710 | |a Barcelona (Catalunya : Província). |b Oficina Tècnica de Prevenció Municipal d'Incendis Forestals |9 9456 | ||
| 901 | |a Arxiu | ||
| 942 | |n 1 | ||
| 952 | |0 0 |1 0 |4 0 |6 FU5732 |7 1 |9 52277 |a Arxiu |b Arxiu |d 2016-12-01 |l 0 |o FU-57-32 |p 22670 |r 2016-12-01 00:00:00 |w 2016-12-01 |y ARXIU | ||
| 999 | |c 56125 |d 56125 | ||